Visualizzazione normale
Vista MARC
- Eno Brian
di Personal Name
Records bibliografici associati: 1
001 - CONTROL NUMBER
- control field: 27294
003 - CONTROL NUMBER IDENTIFIER
- control field: IT-RoPau
005 - DATE AND TIME OF LATEST TRANSACTION
- control field: 20140527154113.0
008 - FIXED-LENGTH DATA ELEMENTS
- fixed length control field: 140527|| aca||aabn | a|a d
040 ## - CATALOGING SOURCE
- Original cataloging agency: IT-RoPau
- Transcribing agency: IT-RoPau
100 ## - HEADING--PERSONAL NAME
- Personal name: Eno Brian
670 ## - SOURCE DATA FOUND
- Source citation: Work cat.: (IT-RoPau)98982: Eno Brian, Wrong Way Up